000 00539cam a22001692a 4500
001 001098
003 AR-FADEU
008 311216noctu####xxu####################dd
100 _aFundesco
245 _aAted : Evaluación de soportes multimedia para educación y supresión de barreras de comunicación con personas sordas
260 _bGrupo Ated
260 _aMadrid
260 _coctubre-diciembre 1994
440 _acuadernos
_n22
650 _aDISCAPACIDAD AUDITIVA; SISTEMAS MULTIMEDIAS; FORMACION-EVALUACION
942 _cFOLLETO
999 _c1610
_d1610